Russie (notice n° 1554508)

détails MARC
000 -LEADER
fixed length control field 01925cam a2200277zu 4500
003 - CONTROL NUMBER IDENTIFIER
control field FRCYB88926762
005 - DATE AND TIME OF LATEST TRANSACTION
control field 20251020123514.0
008 - FIXED-LENGTH DATA ELEMENTS--GENERAL INFORMATION
fixed length control field 251020s2021 fr | o|||||0|0|||fre d
020 ## - INTERNATIONAL STANDARD BOOK NUMBER
International Standard Book Number 9782200632397
035 ## - SYSTEM CONTROL NUMBER
System control number FRCYB88926762
040 ## - CATALOGING SOURCE
Original cataloging agency FR-PaCSA
Language of cataloging fr
Transcribing agency
Description conventions rda
100 1# - MAIN ENTRY--PERSONAL NAME
Personal name Teurtrie, David
245 01 - TITLE STATEMENT
Title Russie
Remainder of title Le retour de la puissance
Statement of responsibility, etc. ['Teurtrie, David']
264 #1 - PRODUCTION, PUBLICATION, DISTRIBUTION, MANUFACTURE, AND COPYRIGHT NOTICE
Name of producer, publisher, distributor, manufacturer Armand Colin
Date of production, publication, distribution, manufacture, or copyright notice 2021
300 ## - PHYSICAL DESCRIPTION
Extent p.
336 ## - CONTENT TYPE
Content type code txt
Source rdacontent
337 ## - MEDIA TYPE
Media type code c
Source rdamdedia
338 ## - CARRIER TYPE
Carrier type code c
Source rdacarrier
520 ## - SUMMARY, ETC.
Summary, etc. De la crise ukrainienne à la guerre en Syrie, de l’ingérence supposée dans les élections américaines au vaccin Spoutnik-V, la Russie est revenue depuis quelques années sur le devant de la scène internationale dans un contexte de refroidissement sans précédent des relations russo-occidentales.Quels sont les ressorts de cette résurgence de la Russie au coeur de la géopolitique mondiale ? Quelle est la stratégie du Kremlin pour consolider les fondements de la puissance russe ? Comment interpréter la réactivation de l’opposition avec l’Occident sur fond de partenariat anti-hégémonique avec une Chine en plein essor ? Et surtout, la Russie a-t-elle encore les moyens économiques et humains de ses ambitions ?Cet ouvrage propose une analyse fine des fondements de la puissance russe contemporaine afin d’évaluer la durabilité et l’ampleur du retour de Moscou sur la scène internationale. 30 ans après l’effondrement de l’URSS, comprendre où en est la Russie aujourd’hui permet également de mieux appréhender les transformations profondes qui affectent l’architecture des relations internationales contemporaines.
650 #0 - SUBJECT ADDED ENTRY--TOPICAL TERM
Topical term or geographic name entry element
700 0# - ADDED ENTRY--PERSONAL NAME
Personal name Teurtrie, David
856 40 - ELECTRONIC LOCATION AND ACCESS
Access method Cyberlibris
Uniform Resource Identifier <a href="https://international.scholarvox.com/netsen/book/88926762">https://international.scholarvox.com/netsen/book/88926762</a>
Electronic format type text/html
Host name

Pas d'exemplaire disponible.

PLUDOC

PLUDOC est la plateforme unique et centralisée de gestion des bibliothèques physiques et numériques de Guinée administré par le CEDUST. Elle est la plus grande base de données de ressources documentaires pour les Étudiants, Enseignants chercheurs et Chercheurs de Guinée.

Adresse

627 919 101/664 919 101

25 boulevard du commerce
Kaloum, Conakry, Guinée

Réseaux sociaux

Powered by Netsen Group @ 2025